000 01628nam0a2200361 4500
001 RU\NLR\bibl\1894072
005 20250616195134.0
010 _a978-5-91116-035-4
_9100
021 _aRU
_b2012-23951
_91790
035 _a(nilc)RSL-KNO-005420615
035 _a(NLR Aleph) 001883746
090 _a2826247
_c2826247
100 _a20120409d2010 |||y0rusy50 ca
101 0 _arus
102 _aRU
105 _ay||||||||||||
200 1 _aПриграничное положение как ресурс развития региона
_eмонография
_fМ. Ю. Махотаева, О. Н. Копытова
_gМ-во образования и науки Российской Федерации, Псковский гос. политехнический ин-т
210 _aПсков
_cИзд-во ППИ
_d2010
215 _a246 с.
_cил., табл.
_d21
320 _aБиблиогр.: с. 196-204 (141 назв.)
606 1 _aПограничные районы
_xЭкономико-географические исследования
_92535618
_3RU\NLR\AUTH\661501607
686 _aУ9(2)80-452,0
_2rubbk
686 _aУ9(2Р-4Пс)210.3,0
_2rubbk
686 1 _aУ04(2)9
700 1 _aМахотаева
_bМ. Ю.
_gМарина Юрьевна
_4070
701 1 _4070
_aКопытова
_bО. Н.
_cканд. экон. наук
_gОльга Николаевна
_9245185
_3RU\NLR\AUTH\770245241
801 0 _aRU
_bRuMoRKP
_c20120409
_grcr
801 1 _aRU
_bРГБ
_c20120409
801 2 _aRU
_bNLR
_c20120417
_grcr
942 _cBOOK
980 _aNB